Ministry of Agriculture, Food and Fisheries, Copperbelt Province fourth quarterly report October - December, 1995 (Record no. 51302)
[ view plain ]
| 000 -LEADER | |
|---|---|
| fixed length control field | 00490nas a2200121 a 4500 |
| 008 - FIXED-LENGTH DATA ELEMENTS--GENERAL INFORMATION | |
| fixed length control field | 090106c19959999||||||||||||||||| || u |
| 050 ## - LIBRARY OF CONGRESS CALL NUMBER | |
| Classification number | GOV.ZAM.A4(05) |
| 110 ## - MAIN ENTRY--CORPORATE NAME | |
| Corporate name or jurisdiction name as entry element | Government of the Republic of Zambia (GRZ) |
| 245 10 - TITLE STATEMENT | |
| Title | Ministry of Agriculture, Food and Fisheries, Copperbelt Province fourth quarterly report October - December, 1995 |
| Statement of responsibility, etc. | Issued by the Office of the Principal Agricultural Officer |
| 260 ## - PUBLICATION, DISTRIBUTION, ETC. | |
| Place of publication, distribution, etc. | Ndola |
| Name of publisher, distributor, etc. | Department of Agriculture |
| Date of publication, distribution, etc. | 1995 |
| 350 ## - PRICE (NR) (BK AM CF MU VM SE) [OBSOLETE] | |
| Price | 0.00 |
| 650 ## - SUBJECT ADDED ENTRY--TOPICAL TERM | |
| Topical term or geographic name entry element | TEXTBOOKS |
| Withdrawn status | Lost status | Source of classification or shelving scheme | Damaged status | Not for loan | Home library | Current library | Date acquired | Total Checkouts | Full call number | Date last seen | Price effective from | Koha item type |
|---|---|---|---|---|---|---|---|---|---|---|---|---|
| CBU-MAIN LIBRARY, KITWE. | CBU-MAIN LIBRARY, KITWE. | 11/30/2022 | GOV.ZAM.A4(05) | 11/30/2022 | 11/30/2022 | MONOGRAPH |